Normal view
MARC view
- ترجمة الصادق، صاحب ؛ مراجعة صادق العبادي ؛ جمع وتصنيف: مهدي جهرمي، محمد باقري
Entry Personal Name
001 - CONTROL NUMBER
- control field: 52453
003 - CONTROL NUMBER IDENTIFIER
- control field: JO-AjAnu
005 - DATE AND TIME OF LATEST TRANSACTION
- control field: 20230606082624.0
008 - FIXED-LENGTH DATA ELEMENTS
- fixed length control field: 230606|| aca||aabn | a|a d
040 ## - CATALOGING SOURCE
- Original cataloging agency: JO-AjAnu
- Transcribing agency: JO-AjAnu
100 ## - HEADING--PERSONAL NAME
- Personal name: ترجمة الصادق، صاحب ؛ مراجعة صادق العبادي ؛ جمع وتصنيف: مهدي جهرمي، محمد باقري
670 ## - SOURCE DATA FOUND
- Source citation: Work cat.: (JO-AjAnu)26804: ترجمة الصادق، صاحب ؛ مراجعة صادق العبادي ؛ جمع وتصنيف: مهدي جهرمي، محمد باقري, author, نقد الفكر الديني عند الشيخ مرتضى مطهري